01311naa a2200217 i 4500001000400000003000400004005001700008008003900025040000800064080001400072100014900086245013600235260001000371500002100381520040700402650003600809650001700845655003000862711010600892773009500998BPPBPK20180430142032.0150623s1991 pl f |100 0 pol cBPK a62-045.43 aTARNOWSKI, Wojciech.d1986 - 1996.bWyższa Szkoła Inżynierska w Koszalinie - Wydział Mechaniczny,cZakład Maszyn Przemysłu Spożywczego aZałożenia metodologiczne laboratorium CAD = Methodological assumptions for CAD laboratory /cWojciech Tarnowski, Jerzy Wróbel. c1991. aDane z autopsji. aW artykule opisano komputerowe wspomagania projektowania. Jest to proces użytkowania zbioru metod i środków informatycznych (komputerowych) wzmacniających możliwości twórcze konstruktora czy projektanta. Mamy pewien system składający się z trzech głównych elementów: konstruktora lub projektanta posiadającego odpowiednie kwalifikacje, sprzętu komputerowego i oprogramowania 0aProjektowanie - oprogramowanie. 0aMetodologia. 0aMateriały konferencyjne. aSympozjum Podstaw Konstrukcji Maszyn : Cz. 1. Referaty problemowen(15 ;d1991 ;cRzeszów, Polska). iW :tZeszyty Naukowe Politechniki Rzeszowskiej. Mechanika. -g1991, nr 79, Z. 27, s. 29-36